000 01170nam a2200337Ic 4500
001 58451
003 CO-BoRNBP
005 20250822203150.0
007 ta
008 170503s2007 m a g 000 f s
020 _a9789681660383
040 _aCO-BoRNBP
_bspa
_erda
_cCO-BoRNBP
041 _aspa
084 _aN
100 _aHowe, James
_eaut
245 1 3 _aLa posada del aullido /
_cJames Howe; ilustraciones de Francisco Nava Bouchaín; traducción de Juan Elías Tovar Cross.
250 _a1a. edición., 3a. reimpresión
264 1 _aMéxico :
_bFondo de Cultura Económica,
_c2007
300 _a155 páginas :
_bilustraciones
336 _atexto
_btxt
_2rdacontent
337 _asin mediación
_bn
_2rdamedia
338 _avolumen
_bnc
_2rdacarrier
490 0 _aA la orilla del viento : para los que leen bien
650 0 7 _aAnimales en la literatura
_2LEMB
_9853
650 0 4 _aNovela juvenil Estadounidense
_2LEMB
_92066
650 0 7 _aTerror en la literatura
_2lemb
_91049
650 0 4 _aLiteratura juvenil estadounidense
_2LEMB
_92065
700 _aNava Bouchaín, Francisco
_eill
700 _aTovar Cross, Juan Elias
_etrl
_939854
942 _2loc
_cBKLIT
999 _c58451
_d58451